|
|
|
|
| LEADER |
00000nam a2200000 a 4500 |
| 001 |
vtls001425950 |
| 003 |
SK-MaSNL |
| 005 |
20260302001757.0 |
| 008 |
160415s2001 xo a r y 0 slo |
| 015 |
|
|
|a SNBE2002/01-00458
|
| 035 |
|
|
|a SNK000380874
|
| 040 |
|
|
|a SNK
|b slo
|c SNK
|e AACR2
|
| 041 |
0 |
|
|a slo
|
| 044 |
|
|
|a xo
|c SK
|
| 080 |
|
|
|a 792.091.4(083.97)
|2 1981
|
| 111 |
1 |
|
|a Divadelná Nitra (festival)
|n (10. :
|d 2001 :
|c Nitra, Slovensko)
|4 aut
|9 36733
|
| 245 |
1 |
|
|a Divadelná Nitra 2001
|b 10. medzinárodný divadelný festival : 28. september-3. október Nitra 2001
|
| 260 |
|
|
|a Nitra
|b Divadlo A. Bagara
|c 2001
|
| 300 |
|
|
|a 1 skladačka ([12] s.)
|b fotogr., rekl., zoz.
|c 21x10 cm
|
| 611 |
2 |
7 |
|a Divadelná Nitra (festival)
|n (10. :
|d 2001 :
|c Nitra, Slovensko)
|2 SNK
|9 36733
|
| 651 |
|
7 |
|a 403
|2 SNK
|9 287051
|
| 655 |
|
7 |
|a programy podujatí
|2 SNK
|9 70446
|
| 958 |
|
|
|a TL
|
| 999 |
|
|
|c 985237
|d 987167
|
| 952 |
|
|
|t P60, <03>, [BOOK], {603}
|a SNK
|b SNK
|y PREZ
|7 0
|p 17A0326401
|o snkOSC 21484
|i snkKSP 6/2002
|0 0
|1 0
|4 0
|d 2001-12-20
|l 0
|r 2005-01-02 00:00:00
|w 2026-02-24
|